Catálogo
 En Linea

Lo que vi en Asia / (Registro nro. 20896)

Detalles MARC
000 -CABECERA
campo de control de longitud fija 00543nam a2200181 a 4500
001 - NÚMERO DE CONTROL
campo de control 000021396
005 - FECHA Y HORA DE LA ÚLTIMA TRANSACCIÓN
campo de control 20200930011321.0
008 - DATOS DE LONGITUD FIJA--INFORMACIÓN GENERAL
campo de control de longitud fija 100907s1999 dr ab 000 0 spa d
040 ## - FUENTE DE LA CATALOGACIÓN
Centro catalogador/agencia de origen DO-SdBNP
Lengua de catalogación spa
Centro/agencia transcriptor BNPHU
082 ## - NÚMERO DE LA CLASIFICACIÓN DECIMAL DEWEY
Número de clasificación 915.04
Número de documento/Ítem G182q
049 ## - FONDOS LOCALES (OCLC)
Fondos de biblioteca BNPD
100 1# - ENTRADA PRINCIPAL--NOMBRE DE PERSONA
Nombre de persona Galván, Héctor
9 (RLIN) 33971
245 13 - MENCIÓN DE TÍTULO
Título Lo que vi en Asia /
Mención de responsabilidad, etc. Héctor Galván.
260 ## - PUBLICACIÓN, DISTRIBUCIÓN, ETC.
Lugar de publicación, distribución, etc. Santo Domingo :
Nombre del editor, distribuidor, etc. Corripio,
Fecha de publicación, distribución, etc. 1999.
300 ## - DESCRIPCIÓN FÍSICA
Extensión 95 p. :
Otras características físicas il. ; map. ;
Dimensiones 28 cm.
651 #4 - PUNTO DE ACCESO ADICIONAL DE MATERIA--NOMBRE GEOGRÁFICO
Nombre geográfico Asia
Subdivisión general Descripciones Y Viajes
9 (RLIN) 31990
651 #4 - PUNTO DE ACCESO ADICIONAL DE MATERIA--NOMBRE GEOGRÁFICO
Nombre geográfico Asia
Subdivisión general Vida Social Y Costumbres
9 (RLIN) 44657
Existencias
Estado de retiro Estado de pérdida Restricciones de uso No para préstamo Código de colección Localización permanente Ubicación/localización actual Ubicación en estantería Fecha de adquisición Número de inventario Total de préstamos Signatura topográfica completa Código de barras Fecha visto por última vez Número de copia Precio válido a partir de Tipo de ítem Koha
        Dominicana de Servicio General General En catalogación 07.09.2010 LF1   915.04 G182q 21396-30 25.06.2020 e. 3 25.06.2020 Libro y Folleto Colección Dominicana de Servicio
        Dominicana de Servicio General General En catalogación 07.09.2010 LF1   915.04 G182q 21396-40 25.06.2020 e. 4 25.06.2020 Libro y Folleto Colección Dominicana de Servicio
        Dominicana de Servicio General General En catalogación 07.09.2010 LF1   915.04 G182q 21396-50 25.06.2020 e. 5 25.06.2020 Libro y Folleto Colección Dominicana de Servicio
      Excluido de préstamo Patrimonio Dominicano Patrimonio Dominicano Patrimonio Dominicano En catalogación 07.09.2010 LF1   915.04 G182q 21396-10 25.06.2020   25.06.2020 Libro y Folleto Colección Patrimonio Dominicano
      Excluido de préstamo Patrimonio Dominicano Patrimonio Dominicano Patrimonio Dominicano En catalogación 07.09.2010 LF1   915.04 G182q 21396-20 25.06.2020 e. 2 25.06.2020 Libro y Folleto Colección Patrimonio Dominicano

Con tecnología Koha